| 000 | 00678nam a2200217 i 4500 | ||
|---|---|---|---|
| 001 | bgj | ||
| 100 | 1 |
_aBRÜCKNER, Christine _d(1921- ) |
|
| 245 | 1 | 0 |
_aJauche und Levkojen : _bRoman / _cChristine Brückner. |
| 260 |
_aBerlin : _bVerlag Ullstein GmbH., _c1976. |
||
| 300 |
_a314 S. ; _c22 cm. |
||
| 651 | 9 |
_aHinterpommern _xFrau _yGeschichte 1918-1945 |
|
| 651 | 9 |
_aHinterpommern _xVertreibung _xWeiblicher Flüchtling |
|
| 651 | 9 |
_aHinterpommern _xVertreibung _xFrau _xHeimatlosigkeit |
|
| 655 | _aBeletristiche Darstellung | ||
| 020 | _a3550062486 | ||
| 040 | _cBPK | ||
| 041 | 0 | _ager | |
| 920 | _a3-550-06248-6 | ||
| 942 | _cKS | ||
| 008 | s gw f |000 0 ger | ||
| 999 |
_c50607 _d50607 |
||
| 856 |
_uhttp://koha.tu.koszalin.pl/cgi-bin/koha/opac-detail.pl?biblionumber=50607 _yKatalog online BPK |
||